000 00287nam a22001337a 4500
008 170425b xxu||||| |||| 00| 0 eng d
020 _a9780030204586
041 _aeng
080 _a547
100 _a12
101 _aSHM
245 _aORGANIC CHEMISTRY
_cBROWN.W.H
942 _2udc
_cBK
999 _c11896
_d11896